Countries Closest to Cameroon - One Minute Sprint - Statistics

General Stats
  • This quiz has been taken 48 times
  • The average score is 15 of 20
Answer Stats
km country miles % Correct
207 Dem Rep Congo 129
98%
86 Niger 53
98%
0 Nigeria 0
98%
0 Congo 0
93%
0 Gabon 0
88%
763 Togo 474
86%
668 Benin 415
83%
0 Central African Republic 0
81%
0 Equatorial Guinea 0
81%
733 Angola 456
79%
0 Chad 0
76%
973 Burkina Faso 604
67%
1252 Côte d'Ivoire 778
67%
825 Ghana 512
67%
1120 Mali 696
67%
861 South Sudan 535
64%
739 Sudan 459
64%
273 São Tomé and Príncipe 170
62%
1064 Libya 661
52%
1103 Algeria 685
48%
No matching quizzes found
Score Distribution
Percent of People with Each Score
Percentile by Number Answered
Your Score History
You have not taken this quiz